The world of physics

Spremljeno u:
Bibliografski detalji
Glavni autor: Avison, John
Format: Knjiga
Jezik:Undetermined
Izdano: London Nelson 1989
Teme:
Oznake: Dodaj oznaku
Bez oznaka, Budi prvi tko označuje ovaj zapis!
Thư viện lưu trữ: Trung tâm Học liệu Trường Đại học Cần Thơ
LEADER 00461nam a2200193Ia 4500
001 CTU_42292
008 210402s9999 xx 000 0 und d
020 |c 317000 
082 |a 530 
082 |b A959 
100 |a Avison, John 
245 4 |a The world of physics 
245 0 |c John Avison 
260 |a London 
260 |b Nelson 
260 |c 1989 
650 |a Physics 
904 |i Minh, Hải 
980 |a Trung tâm Học liệu Trường Đại học Cần Thơ